00511nam a22001697a 450000500170000001000150001702000260003203500140005803700090007208200110008110000130009224500420010525000060014726000490015327001190020230000200032120260102111107.0 aENG-147391 a9789373598833c325.00 aEN-130923 bDBAD a35521 aSaurabh  aHow to Crack SSB Interview/cSaurabh  a1 aNew DelhibS Chand and Company Limitedc2026 a A-27, 2nd Floor, Mohan Co-operative Industrial EstatebNew Delhie110044minfo@schandpublishing.comk011-49731800 a244p.c26cm(pb)